000
00189nam a2200085Ia 4500
008
170620s9999 xx 000 0 und d
100
_a
SCC
245
0
_a
SUPREME COURT CASES
260
_b
LUCKNOW; EASTERN
260
_c
2010
999
_c
29544
_d
29544